000 00529nam a2200181Ia 4500
005 20250508161717.0
008 008 250505s9999 xx 000 0 eng d
037 _aTextual
040 _aFEDL
_beng
_cFEDL
041 _aeng
_2eng
084 _a372.2106, IND
_qFEDL
245 0 _aReport of the study group on preschool child
245 0 _cGovernment of India. Ministry of Education and Social Welfare
260 _c1972
300 _aiv,100p.
942 _cTEXL
_h372.2106, IND
999 _c1371679
_d1371679